Sports Quiz

Random Sports or Basketball Quiz
Score 0/64 Timer 12:00
0 Plays Today
School Nickname % Correct
Benedict Tigers
77.6%
Fort Hays StateTigers
77.6%
Stillman Tigers
77.6%
Southern Indiana Screaming Eagles
74.6%
Missouri Southern State Lions
73.1%
Central Washington Wildcats
70.1%
Bowie StateBulldogs
65.7%
Ferris State Bulldogs
65.7%
Shaw Bears
65.7%
Indiana (PA)Crimson Hawks
59.7%
Massachusetts-LowellRiver Hawks
59.7%
AdelphiPanthers
56.7%
Clark AtlantaPanthers
56.7%
Drury Panthers
56.7%
Kentucky WesleyanPanthers
56.7%
Wayne State (MI)Warriors
46.3%
Winona StateWarriors
46.3%
Bentley Falcons
44.8%
Montevallo Falcons
44.8%
Seattle Pacific Falcons
44.8%
Anderson (SC)Trojans
40.3%
Indianapolis Greyhounds
40.3%
Winston-SalemRams
40.3%
Mesa StateMavericks
38.8%
Minnesota State MankatoMavericks
38.8%
Alaska AnchorageSeawolves
35.8%
Augusta StateJaguars
35.8%
Bellarmine Knights
35.8%
Saint RoseGolden Knights
35.8%
Arkansas TechWonder Boys
34.3%
ChaminadeSilverswords
34.3%
West Texas A&M Buffaloes
32.8%
School Nickname % Correct
West Virginia Wesleyan Bobcats
32.8%
Adams StateGrizzlies
31.3%
Alabama-HuntsvilleChargers
31.3%
Slippery Rock The Rock
31.3%
Midwestern StateMustangs
29.9%
UNC PembrokeBraves
29.9%
American International Yellow Jackets
28.4%
LimestoneSaints
28.4%
Northern Kentucky Norse
28.4%
Colorado School of MinesOrediggers
26.9%
Georgia Southwestern StateHurricanes
25.4%
Metro StateRoadrunners
25.4%
Mansfield Mountaineers
23.9%
Harding Bisons
22.4%
C.W. Post Pioneers
20.9%
Humboldt StateLumberjacks
20.9%
Tarleton StateTexans
20.9%
Dixie StateRed Storm
19.4%
Fort Lewis Skyhawks
19.4%
StonehillSkyhawks
19.4%
Washburn Ichabods
19.4%
Florida Southern Moccasins
17.9%
Central Oklahoma Bronchos
16.4%
Mary Marauders
16.4%
Queens (NC)Royals
16.4%
Lincoln Memorial Railsplitters
14.9%
Rollins Tars
14.9%
West Liberty Hilltoppers
14.9%
BYU HawaiiSeasiders
11.9%
Cal State Dominguez HillsToros
11.9%
Texas A&M International Dustdevils
11.9%
Bloomfield Deacons
1.5%
Remove Ads.
Support Sporcle.
Get the best of Sporcle when you Go Orange. This ad-free experience offers more features, more stats, and more fun while also helping to support Sporcle. Thank you for becoming a member.

You're not logged in!

Compare scores with friends on all Sporcle quizzes.
OR
Log In

Sporcle TV

Today on Sporcle TV


Watch our educational content, quiz creation guides, and fun videos on Sporcle TV.

Show Comments

Extras

Top Quizzes Today


Score Distribution

Paid Content

Your Account Isn't Verified!

In order to create a playlist on Sporcle, you need to verify the email address you used during registration. Go to your Sporcle Settings to finish the process.

Report this User

Report this user for behavior that violates our Community Guidelines.

Details: